[Event "Ä13Ï"]
[Site "Loo"]
[Date "2017.04.27"]
[Round "8.29"]
[White "Ïàõîìîâà, Òàòüÿíà."]
[Black "Èâàíîâà, ßðîñëàâà."]
[Result "0-1"]
[WhiteElo "1394"]
[BlackElo "1238"]
[PlyCount "42"]
[EventDate "2017.04.20"]

1. d4 d5 2. c4 Nf6 3. Nc3 e6 4. Bf4 c5 5. e3 Nc6 6. Nf3 Be7 7. dxc5 Bxc5 8.
cxd5 exd5 9. Be2 d4 10. exd4 Nxd4 11. Nxd4 Qxd4 12. Qxd4 Bxd4 13. Nb5 Bb6 14.
Nd6+ Ke7 15. O-O Bc7 16. Nxb7 Bxf4 17. Na5 Bd7 18. Rad1 Rhe8 19. Bf3 Rac8 20.
g3 Bc7 21. Bb7 Bxa5 0-1

[Event "Ä13Ï"]
[Site "Loo"]
[Date "2017.04.27"]
[Round "8.30"]
[White "Èâàíîâà, Äàðüÿ."]
[Black "Õîþð-Îîë, Àðûÿíà."]
[Result "1-0"]
[WhiteElo "1224"]
[BlackElo "1391"]
[PlyCount "119"]
[EventDate "2017.04.20"]

1. e4 d5 2. exd5 Qxd5 3. Nc3 Qa5 4. Nf3 Bg4 5. Be2 Nf6 6. O-O e6 7. d4 c6 8.
Bd2 Qb6 9. Bc1 Bd6 10. Ng5 Bxe2 11. Nxe2 O-O 12. b3 Nbd7 13. Bb2 Rfe8 14. Re1
c5 15. dxc5 Bxc5 16. Bd4 Bxd4 17. Qxd4 Qxd4 18. Nxd4 a6 19. Rad1 Rac8 20. c4 h6
21. Ne4 Nxe4 22. Rxe4 Nf6 23. Ree1 Rcd8 24. Nf3 Rxd1 25. Rxd1 e5 26. Re1 e4 27.
Nd2 Rd8 28. Re2 Nh5 29. g3 f5 30. Kf1 Nf6 31. Kg2 Ng4 32. h3 Nf6 33. Nf1 Nh5
34. f3 exf3+ 35. Kxf3 Rd3+ 36. Re3 Rd1 37. Nh2 Rd2 38. Re2 Rxe2 39. Kxe2 Nxg3+
40. Kf3 Nh5 41. c5 Kf7 42. b4 Ke6 43. Nf1 Kd5 44. Ne3+ Ke5 45. a4 g6 46. b5
axb5 47. axb5 f4 48. Nc4+ Kd5 49. c6 bxc6 50. b6 c5 51. b7 Kxc4 52. b8=Q Kc3
53. Qh8+ Kb3 54. Qxh6 c4 55. Qxg6 Ng3 56. Qb1+ Ka3 57. Kxf4 Ne2+ 58. Ke3 Nc3
59. Qc2 Kb4 60. Kd2 1-0

[Event "Ä13Ï"]
[Site "Loo"]
[Date "2017.04.27"]
[Round "8.31"]
[White "Çàáàâñêàÿ, Äàðèÿ."]
[Black "Ãóíüêî, Âàëåðèÿ."]
[Result "1-0"]
[WhiteElo "1220"]
[BlackElo "1371"]
[PlyCount "84"]
[EventDate "2017.04.20"]

1. Nf3 Nf6 2. g3 g6 3. Bg2 Bg7 4. O-O O-O 5. d4 d6 6. c4 Nc6 7. Nbd2 e5 8. dxe5
dxe5 9. b3 e4 10. Ng5 Ng4 11. Ba3 Re8 12. Ndxe4 Qxd1 13. Raxd1 h6 14. Nh3 Nf6
15. Nxf6+ Bxf6 16. Nf4 Ne7 17. e3 c6 18. h3 Bg7 19. Rd3 Nf5 20. Rfd1 Bf6 21. e4
Ng7 22. Bc5 Ne6 23. Nxe6 Bxe6 24. Bd4 Bxd4 25. Rxd4 c5 26. R4d3 b6 27. e5 Rac8
28. f4 h5 29. Kh2 Kg7 30. Bf3 Re7 31. g4 hxg4 32. hxg4 Rh8+ 33. Kg3 Rc8 34. Be4
f6 35. f5 gxf5 36. gxf5 Bf7 37. exf6+ Kxf6 38. Kf4 Rec7 39. Rd6+ Ke7 40. f6+
Ke8 41. Kg5 Rb8 42. Bc6+ Rxc6 1-0

[Event "Ä13Ï"]
[Site "Loo"]
[Date "2017.04.27"]
[Round "8.32"]
[White "Ãóðîâà, Òàòüÿíà."]
[Black "Áî÷àðîâà, Äàðüÿ."]
[Result "1-0"]
[WhiteElo "1348"]
[BlackElo "1094"]
[PlyCount "77"]
[EventDate "2017.04.20"]

1. b4 e5 2. Bb2 d6 3. c4 Be7 4. Nf3 Nf6 5. e3 O-O 6. Be2 h6 7. O-O Re8 8. d4
exd4 9. exd4 c6 10. Nc3 b6 11. a4 a6 12. b5 Qc7 13. Qc2 Bd7 14. Rac1 Ra7 15.
Rfd1 axb5 16. axb5 c5 17. dxc5 dxc5 18. Nd5 Nxd5 19. Rxd5 Qf4 20. Be5 Qg4 21.
Nd4 Qh4 22. g3 Qg5 23. Bxb8 Qf6 24. Bxa7 Be6 25. Nxe6 Qxe6 26. Bf3 Bg5 27. Rcd1
Qf6 28. Rf5 Qg6 29. Bd5 Re7 30. Bb8 Bf6 31. Be4 Qg4 32. Rd8+ Kh7 33. Rf4+ g6
34. Rxg4 Rxe4 35. Qxe4 Bxd8 36. Qe8 Bf6 37. Qxf7+ Bg7 38. Be5 h5 39. Qxg7# 1-0

[Event "Ä13Ï"]
[Site "Loo"]
[Date "2017.04.27"]
[Round "8.33"]
[White "Ìîõàììàä, Äàðèíà."]
[Black "Áàëàíäèíà, Àëèñà."]
[Result "0-1"]
[WhiteElo "1211"]
[BlackElo "1333"]
[PlyCount "80"]
[EventDate "2017.04.20"]

1. d4 d5 2. Bf4 c5 3. e3 Nc6 4. Nf3 Nf6 5. c3 Qb6 6. b3 Bf5 7. Bd3 Bxd3 8. Qxd3
c4 9. bxc4 Qb2 10. cxd5 Nxd5 11. Be5 Qxa1 12. O-O Qxa2 13. Qb5 Nb6 14. Nbd2 Qd5
15. Qb2 Nxe5 16. Nxe5 f6 17. Nef3 e6 18. Rc1 Qa5 19. Qb3 Qd5 20. c4 Qd7 21. c5
Nd5 22. Nc4 Rb8 23. Na5 Qc7 24. Qb5+ Kf7 25. e4 Nf4 26. Kf1 b6 27. Nc6 a6 28.
Qa4 Ra8 29. cxb6 Qxb6 30. e5 Qb5+ 31. Qxb5 axb5 32. exf6 gxf6 33. h3 Ba3 34.
Rb1 Rhc8 35. Nd8+ Rxd8 36. Rxb5 Rab8 37. Ra5 Rb1+ 38. Ne1 Bb4 39. Ra7+ Kg8 40.
Rb7 Rxe1# 0-1

[Event "Ä13Ï"]
[Site "Loo"]
[Date "2017.04.27"]
[Round "8.34"]
[White "Ñóìàðîêîâà, Âåðà."]
[Black "Àðåôüåâà, Îëüãà."]
[Result "1-0"]
[WhiteElo "1300"]
[BlackElo "1212"]
[PlyCount "59"]
[EventDate "2017.04.20"]

1. e4 c5 2. Nf3 d6 3. d4 cxd4 4. Nxd4 Nf6 5. Nc3 g6 6. Be3 Bg7 7. f3 O-O 8. Qd2
Nc6 9. O-O-O Nxd4 10. Bxd4 Be6 11. Kb1 Qc7 12. h4 Rfc8 13. h5 Qa5 14. hxg6 fxg6
15. a3 Rab8 16. Bd3 b5 17. Qg5 Qc7 18. e5 h6 19. Qxg6 dxe5 20. Be3 Bf7 21. Qg3
Kf8 22. Bxh6 Bxh6 23. Rxh6 b4 24. Rh8+ Ng8 25. Bh7 e6 26. Bxg8 Ke7 27. Qg5+ Ke8
28. Bh7+ Bg8 29. Rxg8+ Kf7 30. Qg7# 1-0

[Event "Ä13Ï"]
[Site "Loo"]
[Date "2017.04.27"]
[Round "8.35"]
[White "Ïåõîòî, Àëåêñàíäðà."]
[Black "Áîæåíîâà, Âåðîíèêà."]
[Result "1-0"]
[WhiteElo "1101"]
[BlackElo "1283"]
[PlyCount "67"]
[EventDate "2017.04.20"]

1. e4 c5 2. Nf3 e6 3. d4 cxd4 4. Nxd4 a6 5. Nc3 b5 6. f3 Bb7 7. Be3 Qc7 8. Qd2
d6 9. g4 h6 10. Be2 Nf6 11. h3 Be7 12. h4 Nbd7 13. O-O-O Ne5 14. g5 Ng8 15.
gxh6 Nxh6 16. Rhg1 Kf8 17. f4 Nc4 18. Bxc4 Qxc4 19. Qd3 Qxd3 20. cxd3 Rc8 21.
Kd2 e5 22. fxe5 dxe5 23. Nf3 f6 24. b4 Kf7 25. Rg3 Rhg8 26. Rdg1 Bd6 27. Rg6
Rc7 28. Bxh6 Kf8 29. Be3 Rh8 30. R6g3 Rh7 31. Rf1 Ke7 32. Rfg1 Kf8 33. Bh6 Rc8
34. Rh1 {çàïèñü íåðàçáîð~~èâà} 1-0

[Event "Ä13Ï"]
[Site "Loo"]
[Date "2017.04.27"]
[Round "8.37"]
[White "Ëóá÷åíêîâà, Àíàñòàñèÿ."]
[Black "Áåëîçåðîâà, Îëüãà."]
[Result "1-0"]
[WhiteElo "1413"]
[BlackElo "1111"]
[PlyCount "155"]
[EventDate "2017.04.20"]

1. e4 e6 2. d4 d5 3. e5 c5 4. c3 Nc6 5. Nf3 Nge7 6. Bd3 cxd4 7. cxd4 Nb4 8. Nc3
Nxd3+ 9. Qxd3 Nc6 10. O-O Be7 11. Bd2 O-O 12. Rac1 Qb6 13. Na4 Qa6 14. Qxa6
bxa6 15. Nc5 Bxc5 16. Rxc5 Bd7 17. Rfc1 Rfc8 18. Be3 Ne7 19. Rxc8+ Rxc8 20.
Rxc8+ Bxc8 21. Kf1 Nf5 22. Bd2 Kf8 23. Bb4+ Ke8 24. Bc5 Kd7 25. Bxa7 Kc6 26. a4
Bd7 27. b3 h6 28. Ke2 Kb7 29. Bc5 g6 30. Kd3 h5 31. Kc3 a5 32. Kb2 Kc6 33. Ka3
Kb7 34. b4 axb4+ 35. Kxb4 Ka6 36. a5 Ng7 37. Bb6 Ne8 38. Kc5 f6 39. exf6 Nxf6
40. Kd6 Bc8 41. Ne5 Ne4+ 42. Kc7 Bb7 43. Nd7 Ba8 44. Nc5+ Nxc5 45. dxc5 d4 46.
c6 d3 47. Be3 Kb5 48. a6 Kxa6 49. Kd7 Kb5 50. c7 Bb7 51. c8=Q Bxc8+ 52. Kxc8
Kc4 53. Kd7 Kc3 54. Kxe6 d2 55. Bxd2+ Kxd2 56. Kf6 Ke2 57. f4 Kf2 58. g3 Kg2
59. Kxg6 Kxh2 60. Kxh5 Kxg3 61. f5 Kf4 62. f6 Ke5 63. f7 Ke6 64. f8=Q Kd5 65.
Qf6 Ke4 66. Qg5 Kd3 67. Qf4 Kc3 68. Kg4 Kd3 69. Kf3 Kc3 70. Ke3 Kc2 71. Qd4 Kb3
72. Qc5 Kb2 73. Kd2 Kb3 74. Kd3 Kb2 75. Qc3+ Kb1 76. Qd2 Ka1 77. Kc3 Kb1 78.
Qb2# 1-0

[Event "Ä13Ï"]
[Site "Loo"]
[Date "2017.04.27"]
[Round "8.40"]
[White "Ñàðåöÿí, Ìèëåíà."]
[Black "Øåâöîâà, Ñòåôàíèÿ."]
[Result "1/2-1/2"]
[WhiteElo "1134"]
[BlackElo "1096"]
[PlyCount "83"]
[EventDate "2017.04.20"]

1. e4 e5 2. Nf3 Nc6 3. Bc4 Be7 4. Nc3 d6 5. h3 Nf6 6. O-O O-O 7. d3 Na5 8. Bb3
Nxb3 9. axb3 Be6 10. Be3 a6 11. d4 exd4 12. Nxd4 Qd7 13. Qf3 c5 14. Nxe6 Qxe6
15. Qf4 Rad8 16. Qf3 Rfe8 17. Rad1 Rd7 18. Nd5 Nxd5 19. Rxd5 Bf6 20. c3 Qxe4
21. Qxe4 Rxe4 22. Bxc5 Re6 23. Rfd1 Be5 24. c4 f6 25. R1d3 Kf7 26. g3 Ke7 27.
Rd2 b6 28. Bxb6 Rb7 29. Bd4 Bxd4 30. R5xd4 Rxb3 31. R4d3 Rb6 32. b3 Kd7 33. c5
Rc6 34. b4 Kc7 35. cxd6+ Rcxd6 36. Rc3+ Kb6 37. Ra2 Re4 38. Rca3 Kb7 39. Rb3
Rb6 40. Rab2 Kc6 41. Rc3+ Kd6 42. Rcb3 1/2-1/2

[Event "Ä13Â"]
[Site "Loo"]
[Date "2017.04.27"]
[Round "8.1"]
[White "Ñòåïàíÿí, Ýâà."]
[Black "Íàñûðîâà, Åêàòåðèíà."]
[Result "0-1"]
[WhiteElo "1938"]
[BlackElo "1955"]
[PlyCount "142"]
[EventDate "2017.04.20"]

1. e4 e5 2. Nf3 Nc6 3. Bb5 Nf6 4. d3 Bc5 5. O-O d6 6. Nbd2 O-O 7. h3 Ne7 8. Re1
Ng6 9. Nf1 c6 10. Ba4 Bb6 11. Ng3 Bc7 12. c3 Re8 13. d4 h6 14. Bc2 Be6 15. Bb3
Kh7 16. Qc2 Bb6 17. Bd2 Qc7 18. Rad1 Rad8 19. Bc1 Bc8 20. Kh2 Kh8 21. Kh1 a5
22. c4 exd4 23. Nxd4 Bc5 24. a3 Qb6 25. Be3 Qc7 26. Ndf5 Nxe4 27. Bxc5 Nxg3+
28. Nxg3 dxc5 29. Qc3 Rxd1 30. Bxd1 Rxe1+ 31. Qxe1 b6 32. Qe8+ Kh7 33. Bc2 Be6
34. h4 h5 35. Nxh5 Qd7 36. Qxd7 Bxd7 37. Nf4 f5 38. Nxg6 Kxg6 39. g4 Kf6 40.
g5+ Kg6 41. Kg2 Be6 42. Bd3 Bd7 43. a4 Kh5 44. Kg3 f4+ 45. Kxf4 Kxh4 46. Bf5
Be8 47. Be4 g6 48. b3 Kh5 49. Bf3+ Kh4 50. Bg4 b5 51. Be6 bxa4 52. bxa4 Kh5 53.
Ke5 Kxg5 54. f3 Kh4 55. Kf6 g5 56. Bg4 Kg3 57. Kxg5 Bf7 58. f4 Bxc4 59. f5 Bd5
60. f6 c4 61. Bf5 c3 62. Kg6 Kf4 63. Bc2 Ke3 64. f7 Bxf7+ 65. Kxf7 Kd2 66. Be4
c2 67. Bxc6 c1=Q 68. Bb5 Qc5 69. Ke6 Kc3 70. Bd7 Kb4 71. Be8 Qe3+ 0-1

[Event "Ä13Â"]
[Site "Loo"]
[Date "2017.04.27"]
[Round "8.2"]
[White "Êèð÷åé, Âèêòîðèÿ."]
[Black "Ñîâèíà, Ìàðèÿ."]
[Result "1-0"]
[WhiteElo "1814"]
[BlackElo "1734"]
[PlyCount "133"]
[EventDate "2017.04.20"]

1. e4 c5 2. Nf3 Nc6 3. d4 cxd4 4. Nxd4 Qc7 5. Nc3 e6 6. g3 Nf6 7. Bg2 Nxd4 8.
Qxd4 Bc5 9. Qd3 a6 10. O-O O-O 11. Bf4 Qa5 12. a3 e5 13. b4 Qc7 14. Bd2 Bd4 15.
Rac1 b5 16. Ne2 Bb6 17. c4 bxc4 18. Rxc4 Qa7 19. h3 h6 20. g4 Nh7 21. Ng3 d5
22. exd5 Bd7 23. d6 Rad8 24. Bc6 Be6 25. Rcc1 Nf6 26. Bg2 Bd4 27. Rc6 Rd7 28.
Rxa6 Qb8 29. Be3 Rxd6 30. Rxd6 Qxd6 31. Rd1 Rd8 32. Ne2 Bc5 33. Qxd6 Rxd6 34.
Rxd6 Bxd6 35. Nc3 h5 36. g5 Nd7 37. Ne4 Be7 38. h4 Kf8 39. Kf1 Bc4+ 40. Ke1 Ke8
41. Kd2 Bb5 42. Nc3 Bc4 43. Bf3 g6 44. Kc2 f5 45. Bd5 Bxd5 46. Nxd5 Bd6 47. a4
f4 48. Bd2 Nb8 49. b5 Bc5 50. Be1 Kd7 51. Kd3 Kd6 52. Nf6 Bd4 53. Bb4+ Kc7 54.
Ne4 Nd7 55. a5 Kb7 56. Kc4 Kc7 57. Kd5 Kb7 58. Ke6 Kc7 59. Kf7 Bxf2 60. Nxf2 e4
61. Nxe4 Ne5+ 62. Kg7 Nd3 63. Bd6+ Kb7 64. Kxg6 f3 65. Bg3 Ka7 66. Bf2+ Nxf2
67. Nxf2 1-0

[Event "Ä13Â"]
[Site "Loo"]
[Date "2017.04.27"]
[Round "8.3"]
[White "Õóðõåñîâà, Âèêòîðèÿ."]
[Black "Àëåêñååíêî, Ìàðèÿ."]
[Result "0-1"]
[WhiteElo "1694"]
[BlackElo "1684"]
[PlyCount "172"]
[EventDate "2017.04.20"]

1. d4 Nf6 2. c4 c5 3. d5 e5 4. g3 d6 5. Bg2 Nbd7 6. Nc3 a6 7. a4 g6 8. Nf3 Bg7
9. O-O O-O 10. e4 a5 11. Qe2 Re8 12. Nb5 Nb8 13. Ne1 h6 14. Nc2 Ra6 15. Bd2 Kh7
16. Rae1 Ng8 17. Bc3 Nd7 18. Qd3 Ngf6 19. Re2 Rf8 20. Rfe1 Ne8 21. f4 Qe7 22.
Bh3 Ra8 23. Rf2 b6 24. Ref1 Nef6 25. Bg2 Ng4 26. Rf3 Ngf6 27. R3f2 Ng4 28. Re2
Ngf6 29. Nca3 Bb7 30. fxe5 Nxe5 31. Bxe5 dxe5 32. Nb1 Qd7 33. N1c3 Rad8 34.
Ref2 Ne8 35. Qe3 Kg8 36. b3 Ba6 37. Na2 Bxb5 38. axb5 Nd6 39. Nc3 Kh7 40. Na4
Qc7 41. Bh3 h5 42. Nb2 Bh6 43. Qe2 Kg7 44. Nd3 Qe7 45. Nb2 Kh7 46. Na4 Rb8 47.
Nc3 Kg8 48. Rf3 Qg5 49. Bg2 Rfd8 50. Qf2 Qd2 51. Qxd2 Bxd2 52. Rd3 Bxc3 53.
Rxc3 Ra8 54. Ra1 Ra7 55. Rc2 a4 56. bxa4 Rda8 57. Rf2 Kg7 58. Rc2 Rxa4 59. Rac1
Ra1 60. Kf2 Rxc1 61. Rxc1 Ra4 62. Ke3 Nxc4+ 63. Kf2 Nd6 64. Ke3 Nxb5 65. Rb1
Rb4 66. Rxb4 cxb4 67. Kd3 Nd6 68. Kc2 f5 69. exf5 gxf5 70. Bf3 Kg6 71. Kb3 h4
72. Kxb4 hxg3 73. hxg3 Kg5 74. Be2 f4 75. gxf4+ Kxf4 76. Kc3 Ke3 77. Bh5 Ke4
78. Bd1 Kxd5 79. Kd3 e4+ 80. Ke3 Ke5 81. Bc2 b5 82. Bb1 b4 83. Bc2 Nc4+ 84. Ke2
Kd4 85. Bb1 e3 86. Ba2 Nd2 0-1

[Event "Ä13Â"]
[Site "Loo"]
[Date "2017.04.27"]
[Round "8.4"]
[White "Êóçíåöîâà, Ìàðèíà."]
[Black "ßêèìîâà, Ìàðèÿ."]
[Result "1-0"]
[WhiteElo "1649"]
[BlackElo "1730"]
[PlyCount "131"]
[EventDate "2017.04.20"]

1. e4 c5 2. Nf3 d6 3. Bb5+ Nc6 4. O-O a6 5. Bxc6+ bxc6 6. e5 d5 7. c3 e6 8. d3
Ne7 9. Bg5 h6 10. Bxe7 Bxe7 11. Nbd2 O-O 12. Qa4 Bd7 13. Qg4 Rb8 14. Rab1 Qa5
15. a3 Qb5 16. Ne1 Qb6 17. Kh1 Qc7 18. f4 f6 19. d4 cxd4 20. cxd4 f5 21. Qh3 c5
22. dxc5 Bxc5 23. Rf3 Bb5 24. Rc1 Qa7 25. Rg3 Bf2 26. Rgc3 Bb6 27. Qg3 Rb7 28.
Qg6 Re7 29. Rc8 Qb7 30. Rxf8+ Kxf8 31. Rc3 Be3 32. Rxe3 Qb6 33. Rc3 Qf2 34.
Nef3 Qe2 35. Qg3 d4 36. Rc1 Qe3 37. Re1 Be2 38. Nxd4 Qxd4 39. Rxe2 Rc7 40. h3
Rc1+ 41. Re1 Qxd2 42. Rxc1 Qxc1+ 43. Kh2 Qxb2 44. Qd3 Qb5 45. Qd4 Kf7 46. a4
Qc6 47. a5 Qb5 48. Qb6 Qc4 49. Kg3 g5 50. Qe3 gxf4+ 51. Qxf4 Qc3+ 52. Kh4 Kg6
53. Qg3+ Qxg3+ 54. Kxg3 Kh5 55. Kf4 Kh4 56. g4 fxg4 57. hxg4 Kh3 58. g5 h5 59.
g6 h4 60. g7 Kh2 61. g8=Q h3 62. Qg3+ Kh1 63. Qxh3+ Kg1 64. Qe3+ Kh1 65. Qe2
Kg1 66. Kg3 1-0

[Event "Ä13Â"]
[Site "Loo"]
[Date "2017.04.27"]
[Round "8.5"]
[White "Ìàëüöåâà, Åêàòåðèíà."]
[Black "Âîñòðèêîâà, Ñòàíèñëàâà."]
[Result "1-0"]
[WhiteElo "1671"]
[BlackElo "1519"]
[PlyCount "49"]
[EventDate "2017.04.20"]

1. e4 e6 2. d4 d5 3. e5 c5 4. c3 Qb6 5. a3 Bd7 6. b4 cxd4 7. cxd4 Bb5 8. Bxb5+
Qxb5 9. Nc3 Qc4 10. Nge2 Nc6 11. O-O Nge7 12. Be3 a5 13. Rc1 axb4 14. Ne4 Qa6
15. Nd6+ Kd8 16. axb4 Qb6 17. Nc3 Nc8 18. b5 Nb4 19. Na4 Rxa4 20. Nxc8 Qxb5 21.
Qxa4 Qxa4 22. Nb6 Ke8 23. Nxa4 Nc6 24. Rb1 Bb4 25. Rfc1 1-0

[Event "Ä13Â"]
[Site "Loo"]
[Date "2017.04.27"]
[Round "8.6"]
[White "Ìèðîíåíêî, Ãàëèíà."]
[Black "Ñîñíèíà, Íàäåæäà."]
[Result "1/2-1/2"]
[WhiteElo "1956"]
[BlackElo "1610"]
[PlyCount "96"]
[EventDate "2017.04.20"]

1. Nf3 Nf6 2. g3 g6 3. Bg2 Bg7 4. O-O O-O 5. d4 d6 6. c4 Nbd7 7. Nc3 e5 8. e4
exd4 9. Nxd4 Re8 10. h3 Nc5 11. Re1 a5 12. b3 c6 13. Bb2 Qb6 14. Qc2 a4 15.
Rad1 Nfd7 16. Nxa4 Nxa4 17. bxa4 Nc5 18. Nb3 Bxb2 19. Qxb2 Rxa4 20. Qc2 Be6 21.
Nxc5 Rxc4 22. Na4 Qa5 23. Qb2 Qxa4 24. Qxb7 Qxa2 25. Rxd6 Rc2 26. Qb1 Rxf2 27.
Qxa2 Rxa2 28. Rxc6 Bd5 29. Rcc1 Bb7 30. Rb1 Ba8 31. Rb4 Bd5 32. Rd4 Be6 33. h4
Rc8 34. Kh2 Rcc2 35. Rg1 Bg4 36. Rd3 Kg7 37. Re3 h5 38. e5 Re2 39. Rxe2 Rxe2
40. Ra1 Rxe5 41. Kg1 Re3 42. Kf2 Re2+ 43. Kg1 Rd2 44. Ra7 Rd7 45. Ra2 Be6 46.
Rb2 Bg4 47. Ra2 Be6 48. Rb2 Bg4 1/2-1/2

[Event "Ä13Â"]
[Site "Loo"]
[Date "2017.04.27"]
[Round "8.7"]
[White "Áîäíàðóê, Êñåíèÿ."]
[Black "Íóð-Ìóõàìåòîâà, Àëèñà."]
[Result "1-0"]
[WhiteElo "1677"]
[BlackElo "1723"]
[PlyCount "51"]
[EventDate "2017.04.20"]

1. e4 c5 2. f4 d5 3. exd5 Nf6 4. Bb5+ Bd7 5. Bxd7+ Qxd7 6. c4 e6 7. dxe6 fxe6
8. Nc3 Nc6 9. Nf3 Bd6 10. d3 O-O 11. O-O e5 12. fxe5 Nxe5 13. Bf4 Nxc4 14. Qb3
Bxf4 15. Qxc4+ Kh8 16. Qxf4 Qxd3 17. Rad1 Qa6 18. Ne5 b5 19. a3 Kg8 20. Qg5 Qb6
21. Rf3 Rae8 22. Rdf1 h6 23. Qg3 Qd6 24. Ng6 Qd4+ 25. Kh1 Rf7 26. Nxb5 1-0

[Event "Ä13Â"]
[Site "Loo"]
[Date "2017.04.27"]
[Round "8.8"]
[White "Êàñàåâà, Ñîôèÿ."]
[Black "Ñåì¸íîâà, Äàðüÿ."]
[Result "1-0"]
[WhiteElo "1661"]
[BlackElo "1429"]
[PlyCount "85"]
[EventDate "2017.04.20"]

1. e4 d5 2. exd5 Nf6 3. Nf3 Nxd5 4. d4 g6 5. c4 Nb6 6. Nc3 Bg7 7. Be3 O-O 8. h3
Nc6 9. Qd2 e5 10. d5 Ne7 11. g4 e4 12. Nxe4 f5 13. Nc5 fxg4 14. Ng5 Nf5 15.
Nce6 Bxe6 16. Nxe6 Qf6 17. Nxf8 Rxf8 18. hxg4 Nxe3 19. fxe3 Na4 20. Rc1 Qf3 21.
Rg1 Re8 22. Be2 Rxe3 23. d6 cxd6 24. Qd5+ Qxd5 25. cxd5 Nc5 26. Kd2 Re5 27. Bf3
Bh6+ 28. Kc2 Bxc1 29. Kxc1 Re3 30. Rf1 Kg7 31. Kd2 Re5 32. Kc3 h6 33. Kd4 g5
34. Rc1 a5 35. Rxc5 Re7 36. Rxa5 Rc7 37. Be4 Kf6 38. Ra3 Rc1 39. Rf3+ Kg7 40.
Rb3 Rc7 41. Rc3 Rf7 42. Rf3 Rc7 43. b3 1-0

[Event "Ä13Â"]
[Site "Loo"]
[Date "2017.04.27"]
[Round "8.9"]
[White "Äàøèíà, Ñîôèÿ."]
[Black "Êàìàðîâà, Æàíáîòà."]
[Result "1-0"]
[WhiteElo "1644"]
[BlackElo "1501"]
[PlyCount "93"]
[EventDate "2017.04.20"]

1. Nf3 d5 2. g3 e6 3. d4 c6 4. Bg2 f5 5. O-O Nf6 6. c4 Bd6 7. Qc2 O-O 8. Rd1
Ne4 9. Nc3 Nd7 10. Ne1 Ndf6 11. f3 Nxc3 12. Qxc3 h6 13. Nd3 g5 14. b4 Bd7 15.
a4 Qe7 16. Rb1 Qg7 17. c5 Bc7 18. b5 Kh7 19. Ba3 Rg8 20. b6 Bb8 21. a5 a6 22.
Nf2 Nh5 23. e4 fxe4 24. fxe4 dxe4 25. Bxe4+ Kh8 26. Bb2 Nf6 27. d5 Nxe4 28.
Qxg7+ Rxg7 29. Bxg7+ Kxg7 30. dxe6 Bxe6 31. Nxe4 Be5 32. Nd6 Bxd6 33. Rxd6 Bh3
34. Rbd1 Rf8 35. Rd7+ Bxd7 36. Rxd7+ Rf7 37. Rc7 Kg6 38. Kg2 h5 39. h3 Rf5 40.
Rxb7 Rxc5 41. Rb8 Rb5 42. Ra8 Kg7 43. Rxa6 Kf6 44. Ra7 Ke6 45. b7 Kd6 46. a6
Kc7 47. Ra8 1-0

[Event "Ä13Â"]
[Site "Loo"]
[Date "2017.04.27"]
[Round "8.10"]
[White "Òî÷èëêèíà, Åêàòåðèíà."]
[Black "Ôðîëîâà, Ëàäà."]
[Result "1-0"]
[WhiteElo "1633"]
[BlackElo "1475"]
[PlyCount "87"]
[EventDate "2017.04.20"]

1. e4 c5 2. Nf3 Nc6 3. d4 cxd4 4. Nxd4 g6 5. c4 Bg7 6. Be3 Nf6 7. Nc3 Ng4 8.
Qxg4 Nxd4 9. Qd1 e5 10. Nb5 O-O 11. Nxd4 exd4 12. Bxd4 Qa5+ 13. Ke2 Re8 14. f3
d5 15. Bxg7 Rxe4+ 16. Kd3 Rxc4 17. Bc3 Bf5+ 18. Kd2 Rxc3 19. bxc3 Rc8 20. Qb3
d4 21. Rc1 Be6 22. Qb2 Qg5+ 23. Kd1 Qa5 24. cxd4 Qa4+ 25. Ke1 Rd8 26. Be2 Rxd4
27. Rd1 Qa5+ 28. Kf2 Ra4 29. a3 Rxa3 30. Rd8+ Qxd8 31. Qxa3 a6 32. Qb2 b5 33.
Rd1 Qb6+ 34. Qd4 Qb7 35. Qf6 Bd7 36. Qd8+ Kg7 37. Qxd7 Qb6+ 38. Qd4+ Qxd4+ 39.
Rxd4 Kf6 40. Rd6+ Ke5 41. Rxa6 b4 42. Rb6 b3 43. Rxb3 h5 44. Rb7 1-0

[Event "Ä13Â"]
[Site "Loo"]
[Date "2017.04.27"]
[Round "8.11"]
[White "Ïàðñåãÿí, Êñåíèÿ."]
[Black "Ìàêàðåíêî, Åëèçàâåòà."]
[Result "1/2-1/2"]
[WhiteElo "1558"]
[BlackElo "1386"]
[PlyCount "130"]
[EventDate "2017.04.20"]

1. Nf3 c5 2. g3 Nf6 3. Bg2 g6 4. O-O Bg7 5. d3 O-O 6. Nbd2 Nc6 7. e4 e5 8. c3
Re8 9. Re1 d6 10. Nf1 h6 11. Ne3 Be6 12. Nd2 d5 13. Nc2 Rb8 14. f4 Bg4 15. Bf3
Bxf3 16. Qxf3 exf4 17. gxf4 Qd7 18. e5 Nh7 19. d4 cxd4 20. Nxd4 Nf8 21. Qg3 Kh7
22. N2f3 a6 23. Be3 f6 24. Bf2 Rbc8 25. Kh1 fxe5 26. fxe5 Re7 27. Rad1 Rce8 28.
Nxc6 Qxc6 29. Bd4 Qc7 30. Rd2 Nd7 31. Rg2 Re6 32. Rge2 b5 33. a3 R8e7 34. Qh3
Kg8 35. Qg2 Qc6 36. Qg3 Qc7 37. Rg1 Qc6 38. Nh4 Kh7 39. Rge1 Qc7 40. Nf3 Kg8
41. h4 Qc6 42. Kh2 Qc7 43. b4 Qc6 44. Rg2 Kh7 45. Rf2 Qc7 46. Rg2 Qc6 47. Reg1
Nxe5 48. Nxe5 Bxe5 49. Bxe5 Rxe5 50. Qxg6+ Qxg6 51. Rxg6 R5e6 52. Rxe6 Rxe6 53.
a4 bxa4 54. Ra1 Rc6 55. Rxa4 Kg6 56. Ra5 Rd6 57. b5 axb5 58. Rxb5 Kf6 59. Rc5
Ke6 60. Kg3 Rd7 61. Rc6+ Rd6 62. Rxd6+ Kxd6 63. Kg4 Kc5 64. Kh5 Kc4 65. Kxh6
Kxc3 1/2-1/2

[Event "Ä13Â"]
[Site "Loo"]
[Date "2017.04.27"]
[Round "8.12"]
[White "Ïàëü÷óí, Ïîëèíà."]
[Black "Êðóïíîâà, Àííà."]
[Result "0-1"]
[WhiteElo "1444"]
[BlackElo "1556"]
[PlyCount "166"]
[EventDate "2017.04.20"]

1. d4 Nf6 2. c4 g6 3. Nc3 Bg7 4. Bf4 O-O 5. e3 d6 6. h3 Nbd7 7. Nf3 Re8 8. Be2
e5 9. dxe5 dxe5 10. Nxe5 Nh5 11. Nd3 Nxf4 12. Nxf4 c6 13. O-O Qg5 14. Rb1 h5
15. Kh1 Nc5 16. Bf3 Bf5 17. Ra1 Rad8 18. Qc1 Be5 19. Be2 Qh6 20. Rd1 h4 21.
Rxd8 Rxd8 22. Bg4 Bxg4 23. hxg4 Bxf4 24. exf4 Rd4 25. Ne2 Re4 26. Qc2 Re8 27.
f3 Qh8 28. Rd1 Qf6 29. Kh2 g5 30. g3 hxg3+ 31. Kxg3 Qe6 32. Rd2 Qe3 33. Kg2
gxf4 34. b4 Ne6 35. Qc3 Qxc3 36. Nxc3 Kg7 37. Rd7 Rb8 38. Ne4 Kg6 39. Kf2 a5
40. bxa5 Ra8 41. Rxb7 Rxa5 42. Rb2 Ra4 43. Nd2 Nc5 44. Ke2 Kf6 45. Rb6 Ke5 46.
Rxc6 Kd4 47. Rf6 Rxa2 48. Rd6+ Kc3 49. Kd1 Nd3 50. Ne4+ Kxc4 51. Rc6+ Kd4 52.
Rc2 Ra1+ 53. Kd2 Rh1 54. Ke2 Rh2+ 55. Kd1 Rxc2 56. Kxc2 Ne1+ 57. Kd1 Nxf3 58.
Nf2 Ke3 59. Nh3 f6 60. Kc2 Nd4+ 61. Kd1 Ne6 62. Ke1 Kf3 63. Kf1 Kxg4 64. Nf2+
Kf3 65. Ke1 f5 66. Kf1 Ng5 67. Nd1 Ne4 68. Nb2 Nd2+ 69. Ke1 Ne4 70. Kf1 Ng3+
71. Ke1 Kg2 72. Nd3 f3 73. Nf4+ Kg1 74. Nh3+ Kh2 75. Nf2 Ne4 76. Nd3 Kg3 77.
Kf1 f2 78. Ke2 f4 79. Kf1 Nd2+ 80. Ke2 f1=Q+ 81. Kxd2 Qxd3+ 82. Kxd3 Kg2 83.
Ke2 f3+ 0-1

[Event "Ä13Â"]
[Site "Loo"]
[Date "2017.04.27"]
[Round "8.13"]
[White "Äèâååâà, Äàðüÿ."]
[Black "Øåñòàêîâà, Áîãäàíà."]
[Result "1/2-1/2"]
[WhiteElo "1451"]
[BlackElo "1526"]
[PlyCount "83"]
[EventDate "2017.04.20"]

1. d4 Nf6 2. c4 g6 3. Nc3 Bg7 4. e4 d6 5. f4 O-O 6. Nf3 Nfd7 7. Be3 e5 8. d5
Re8 9. Bd3 exf4 10. Bxf4 Nc5 11. Qc2 Nxd3+ 12. Qxd3 Bf5 13. O-O Bxc3 14. exf5
Bxb2 15. Rab1 Be5 16. Bxe5 dxe5 17. Rfe1 Nd7 18. fxg6 hxg6 19. Qc3 e4 20. Nd2
Nc5 21. Qd4 Qe7 22. Re3 b6 23. Rf1 Qe5 24. Qxe5 Rxe5 25. Rf4 f5 26. g4 Nd3 27.
Rf1 Rae8 28. gxf5 gxf5 29. Rg3+ Kf7 30. Nxe4 Nb2 31. Ng5+ Kf6 32. Nh7+ Ke7 33.
Rg7+ Kd6 34. Rg6+ Ke7 35. Rg7+ Kd8 36. Nf6 Rh8 37. d6 cxd6 38. Rd7+ Kc8 39.
Rxd6 Rc5 40. Rd5 Rxc4 41. Rdxf5 Nd3 42. Nd5 1/2-1/2

[Event "Ä13Â"]
[Site "Loo"]
[Date "2017.04.27"]
[Round "8.14"]
[White "Åðøîâà, Ìàðãàðèòà."]
[Black "Òîêìàêîâà, Óëüÿíà."]
[Result "1/2-1/2"]
[WhiteElo "1593"]
[BlackElo "1315"]
[PlyCount "64"]
[EventDate "2017.04.20"]

1. d4 Nf6 2. Nc3 d5 3. Bg5 Nbd7 4. e3 e6 5. Nf3 Bb4 6. Bd3 c5 7. dxc5 Nxc5 8.
O-O Nxd3 9. Qxd3 O-O 10. Bh4 b6 11. a3 Be7 12. Rfd1 Bb7 13. Rac1 Rc8 14. Qe2
Nd7 15. Bxe7 Qxe7 16. e4 dxe4 17. Nxe4 Ba8 18. Nd6 Rc6 19. Nf5 Qe8 20. N5d4 Rd6
21. Nb5 Rxd1+ 22. Rxd1 a6 23. Nc7 Bxf3 24. gxf3 Qd8 25. Nxa6 Qg5+ 26. Kh1 Ne5
27. Rg1 Qf4 28. Kg2 Qg5+ 29. Kh1 Qf4 30. Kg2 Qg5+ 31. Kh1 Qf4 32. Kg2 Qg5+
1/2-1/2

[Event "Ä13Â"]
[Site "Loo"]
[Date "2017.04.27"]
[Round "8.15"]
[White "Êàðïîâà, Ëàðèñà."]
[Black "Åìåëüÿíîâà, Åëåíà."]
[Result "1-0"]
[WhiteElo "1608"]
[BlackElo "1504"]
[PlyCount "101"]
[EventDate "2017.04.20"]

1. d4 Nf6 2. Nf3 c5 3. c3 Qc7 4. Bg5 Qb6 5. Bc1 g6 6. Nbd2 Bg7 7. dxc5 Qxc5 8.
Nb3 Qc7 9. Bg5 O-O 10. e3 b6 11. Be2 Bb7 12. O-O Nc6 13. Rc1 h6 14. Bh4 g5 15.
Bg3 d6 16. h3 Nh5 17. Bh2 f5 18. Nxg5 hxg5 19. Bxh5 e5 20. Bf3 Rf6 21. Qc2 Raf8
22. Rcd1 Rh6 23. a4 e4 24. Be2 Kh8 25. Qd2 Rff6 26. Nd4 Nxd4 27. cxd4 Qe7 28.
d5 Rfg6 29. b4 g4 30. Rc1 gxh3 31. g3 Qe5 32. Rfd1 Qe7 33. Bb5 Rf6 34. Rc4 Rf8
35. Rdc1 Qe5 36. Rd1 Rg6 37. Kh1 a6 38. Bc6 Rc8 39. Rc2 Bxc6 40. Rxc6 Rxc6 41.
dxc6 Qe8 42. b5 Qc8 43. Qd5 Be5 44. Rb1 axb5 45. Qxb5 Bg7 46. Qxb6 d5 47. Rc1
Bb2 48. Qxb2+ Rg7 49. c7 Kh7 50. Qb8 Qa6 51. c8=Q 1-0